[Event "Titled Tuesday intern op 09th Jan Early"]
[Site "Chess.com INT"]
[Date "2024.01.09"]
[Round "7"]
[White "Popov, Konstantin"]
[Black "Skliarov, Viktor"]
[Result "1-0"]
[WhiteElo "2364"]
[BlackElo "2349"]
[PlyCount "75"]
[EventDate "2024.01.09"]
[EventType "swiss (blitz)"]
[EventRounds "11"]
[EventCountry "USA"]
[SourceTitle "CB03_2024"]
[SourceDate "2024.01.17"]
[SourceVersion "1"]
[SourceVersionDate "2024.01.17"]
[SourceQuality "1"]

1. e4 c5 2. Nf3 Nc6 3. d4 cxd4 4. Nxd4 Nf6 5. Nc3 e5 6. Ndb5 d6 7. Bg5 a6 8. Na3 b5 9. Bxf6 gxf6 10. Nd5 f5 11. g3 fxe4 12. Bg2 Bg7 13. Bxe4 Be6 14. Qh5 Rc8 15. Rd1 Ne7 16. c3 Rc5 17. Nxe7 Qxe7 18. Nc2 d5 19. Bf5 d4 20. Bxe6 Qxe6 21. 0-0 Qg6 22. Qe2 dxc3 23. bxc3 0-0 24. Ne3 Qe4 25. Rd6 Rxc3 26. Rxa6 b4 27. Qh5 Rxe3 28. fxe3 Qxe3+ 29. Kg2 e4 30. Qd1 Bd4 31. Rd6 Bc3 32. Qg4+ Bg7 33. Rd5 Qa3 34. Rf2 e3 35. Re2 Qc3 36. Qe4 Bh6 37. Rh5 Bg7 38. Qxh7# 1-0

[Event "Titled Tuesday intern op 09th Jan Early"]
[Site "Chess.com INT"]
[Date "2024.01.09"]
[Round "2"]
[White "Rojas Salas, Steven"]
[Black "Popov, Konstantin"]
[Result "0-1"]
[WhiteElo "2172"]
[BlackElo "2364"]
[PlyCount "90"]
[EventDate "2024.01.09"]
[EventType "swiss (blitz)"]
[EventRounds "11"]
[EventCountry "USA"]
[SourceTitle "CB03_2024"]
[SourceDate "2024.01.17"]
[SourceVersion "1"]
[SourceVersionDate "2024.01.17"]
[SourceQuality "1"]

1. d4 Nf6 2. c4 e6 3. Nc3 Bb4 4. e3 0-0 5. Bd3 c5 6. Nf3 d5 7. cxd5 exd5 8. 0-0 Nc6 9. dxc5 Bxc5 10. b3 a6 11. Bb2 Qd6 12. Rc1 Bg4 13. h3 Bh5 14. Bf5 Rad8 15. Ne2 Bxf3 16. gxf3 Ba7 17. Ng3 Bxe3 18. Kg2 Bxc1 19. Qxc1 d4 20. Rd1 g6 21. Bb1 Rfe8 22. Qd2 Nd5 23. Ne4 Nf4+ 24. Kf1 Qe5 25. Bc1 Nd5 26. Qh6 f6 27. Ng3 Nce7 28. Re1 Qxe1+ 29. Kxe1 Nf5+ 30. Kf1 Nxh6 31. Bxh6 f5 32. Bd3 b5 33. a4 Nb4 34. Be2 d3 35. Bd1 d2 36. Ne2 Nd3 37. axb5 axb5 38. b4 Nb2 39. Bb3+ Nc4 40. Bd1 Rd3 41. Nf4 Re1+ 42. Kg2 Rxd1 43. Nxd3 Rb1 44. Bxd2 Nxd2 45. h4 Rb3 0-1